| 000 | 01194cam a22003014a 4500 | ||
|---|---|---|---|
| 001 | 12709613 | ||
| 003 | OSt | ||
| 005 | 20240709143628.0 | ||
| 008 | 020318s2002 enka b 001 0 eng | ||
| 010 | _a 2002025622 | ||
| 020 | _a052147750 | ||
| 040 |
_aDLC _cDLC _dDLC |
||
| 042 | _apcc | ||
| 050 | 0 | 0 |
_aQA76.76.E95 _bB37 2003 |
| 100 | 1 | _aBaral, Chitta. | |
| 245 | 1 | 0 |
_aKnowledge representation, reasoning and declarative problem solving / _cChitta Baral. |
| 260 |
_aCambridge ; _aNew York : _bCambridge University Press, _c2003. |
||
| 300 | _axiv, 530 p. : | ||
| 650 | 0 | _aExpert systems (Computer science) | |
| 650 | 0 | _aArtificial intelligence. | |
| 650 | 0 | _aKnowledge representation (Information theory) | |
| 856 | 4 | 1 |
_3Sample text _uhttp://www.loc.gov/catdir/samples/cam033/2002025622.html |
| 856 | 4 | 2 |
_3Publisher description _uhttp://www.loc.gov/catdir/description/cam022/2002025622.html |
| 856 | 4 | 1 |
_3Table of contents _uhttp://www.loc.gov/catdir/toc/cam027/2002025622.html |
| 906 |
_a7 _bcbc _corignew _d1 _eocip _f20 _gy-gencatlg |
||
| 942 |
_2lcc _cBK |
||
| 999 |
_c20462 _d20461 |
||